000 01477nam a2200229Ia 4500
003 Ost
005 20260507075702.0
008 260507s9999||||xx |||||||||||||| ||und||
020 _a9789931782163
040 _cfsecg
041 _aara
082 _a657
100 _aمازون، محمد أمين
_eمؤلف
245 0 _aالمحاسبة التحليلية :
_bدروس وتمارين /
_c محمد أمين مازون
260 _aالجزائر :
_b,
_c2021
300 _a246 صفحة؛
_c24 سم
504 _aجداول، مخططات بيانية
520 _aمفاهيم عامة حول المحاسية التحليلية، تعريفها وأهدافها ووظائفها، كذلك محاسبة المواد مع مفهوم المخزونات وطرق تقييمها وكيفية الجرد الدائم لها، بالاضافة الى طريقة التكاليف الكلية ( الأقسام المتجانسة، التكاليف الغير المباشرة، وعلاقتها بحجم النشاط من ثابتة ومتغيرة وشبه متغيرة أو التكالف المختلطة، مع طريقة التحميل العقلاني للتكاليف الثابتة وفي الأخير تحدث عن التكاليف المعيارية أنواعها وأهدافها مع حساب التكلفة المعيارية.
653 _aمحاسبة تحليلية
700 _aياسين، سالمي
_eمؤلف ثانوي
942 _cكتاب
999 _c45858
_d45858